NLSUI OPAC header image

The myth of international security : A juridical and critical analysis (Record no. 4223)

MARC details
000 -LEADER
fixed length control field 00454nam a2200157Ia 4500
008 - FIXED-LENGTH DATA ELEMENTS--GENERAL INFORMATION
fixed length control field 160316s1957 xxu||||| |||| 00| 0 eng d
082 ## - DEWEY DECIMAL CLASSIFICATION NUMBER
Classification number 341.720000
Item number LEV
100 ## - MAIN ENTRY--PERSONAL NAME
Personal name Levontin A V
245 ## - TITLE STATEMENT
Title The myth of international security : A juridical and critical analysis
250 ## - EDITION STATEMENT
Edition statement
260 ## - PUBLICATION, DISTRIBUTION, ETC.
Place of publication, distribution, etc. Jerusalem
Name of publisher, distributor, etc. The Hebrew University
Date of publication, distribution, etc. 1957
300 ## - PHYSICAL DESCRIPTION
Extent 346p
Other physical details axxii
Dimensions xxiii
365 ## - TRADE PRICE
Price amount P.12.50
650 ## - SUBJECT ADDED ENTRY--TOPICAL TERM
Topical term or geographic name entry element 1.International Law - Security
700 ## - ADDED ENTRY--PERSONAL NAME
Personal name
--
Holdings
Withdrawn status Lost status Damaged status Not for loan Home library Current library Shelving location Date acquired Cost, normal purchase price Total Checkouts Full call number Barcode Date last seen Price effective from Koha item type
        . . Library Compactors 30.05.2017 12.50   341.72 LEV 4391 30.05.2017 30.05.2017 BOOKs